Charlie Sheen Movies Quiz Stats

 Plays Quiz not verified by Sporcle

Challenge
Share
Tweet
Embed
Score 0/59 Timer 15:00
1 Play Today
Year Movie % Correct
1986Platoon
85.4%
1989Major League
85.4%
1991Hot Shots!
83.3%
1993Hot Shots! Part Deux
80.5%
1994Major League II
79.8%
1987Wall Street
78.4%
1986Ferris Bueller's Day Off
74.8%
2010Wall Street: Money Never Sleeps
57.6%
1990Men at Work
55.1%
1993The Three Musketeers
47.8%
2013Scary Movie 5
45.6%
2003Scary Movie 3
44%
1988Young Guns
43.3%
1984Red Dawn
43.1%
1994The Chase
43.1%
2006Scary Movie 4
40%
1990The Rookie
39.1%
1988Eight Men Out
37.9%
1990Navy Seals
35.3%
1986Lucas
34.1%
1996The Arrival
32.2%
1994Terminal Velocity
29.4%
1990Cadence
27.8%
1993Loaded Weapon 1
27.5%
2013Machete Kills
26.5%
1997Money Talks
25.6%
1986The Wraith
22.6%
1999Being John Malkovich
22.6%
1996All Dogs Go to Heaven 2
21.6%
1987No Man's Land
15.1%
Year Movie % Correct
1993Beyond the Law
15.1%
1987Wisdom
13.9%
2010Due Date
13.6%
1997Shadow Conspiracy
13.2%
1985The Boys Next Door
12.7%
2012Foodfight!
11.8%
2001Good Advice
11.3%
1987Three for the Road
10.4%
2004The Big Bounce
10.1%
1993Deadfall
8.2%
2012A Glimpse Inside the Mind of Charles Swan III
7.4%
1998Free Money
6.8%
1990Courage Mountain
6.4%
2009Foodfight!
6.4%
2012She Wants Me
6%
1998A Letter from Death Row
5.6%
1997Bad Day on the Block
5.4%
1998Postmortem
5.4%
1998No Code of Conduct
5.4%
1997Loose Women
5.2%
1990Catchfire
4.9%
1989Never on Tuesday
4%
1989Tale of Two Sisters
4%
1999Five Aces
3.5%
2003Deeper Than Deep
3.5%
2003Pauly Shore Is Dead
3.5%
1987Grizzly II: The Concert
3.3%
2012Madea's Witness Protection
1.5%
2006Guilty Hearts
0.7%

You're not logged in!

Compare scores with friends on all Sporcle quizzes.
Join for Free
OR
Log In

You Might Also Like...

Show Comments

Extras

Top Quizzes Today


Score Distribution

Your Account Isn't Verified!

In order to create a playlist on Sporcle, you need to verify the email address you used during registration. Go to your Sporcle Settings to finish the process.

Report this User

Report this user for behavior that violates our Community Guidelines.

Details: